01294nam a22003138i 4500001001000000003000400010005001700014008004100031040003600072082002100108100002600129245006100155246002600216260003300242300002100275490002200296600006800318650007700386650007200463650010400535650004300639650004400682651001000726653002400736655002400760942002100784999001700805952015800822016774918OSt20150901134821.0140515s2014 xxk gr 000 1 eng d aStDuBDSbengcStDuBDSdEG-ScBUE04a823.912222bROW1 aRowling, J. K.92282710aHarry Potter and the half-blood prince /cJ. K. Rowling.30aThe half-blood prince aLondon :bBloomsbury,c2014. a541 p. ;c20 cm.0 aHarry Potter ;v610937452aPotter, Harryc(Fictitious character) vJuvenile fiction 0aGranger, Hermione (Fictitious character)vJuvenile fiction9374532BUEsh 0aWeasley, Ron (Fictitious character)vJuvenile fiction9228302BUEsh 0aHogwarts School of Witchcraft and Wizardry (Imaginary organization)vJuvenile fiction9228312BUEsh 0aFantasy fiction, English9196042BUEsh 0aWizardsvJuvenile fiction9374542BUEsh 2BUEsh bEEENGcFebruary2015 vreading book934232 2ddck823.912 ROW c19003d18975 00102ddc40708BaccahaMAINbMAINc2NDd2015-02-18epurchaseg100.00h21291l7m30o823.912 ROWp000037443r2025-09-27 00:00:00s2025-05-19v125.00yBB